A provisional isogonic map of Australia and New Guinea, showing predicted values for the epoch 1955-5, (Record no. 29033)

MARC details
000 -LEADER
fixed length control field 01301cam a22002651 4500
001 - CONTROL NUMBER
control field gs 56000098
003 - CONTROL NUMBER IDENTIFIER
control field DLC
005 - DATE AND TIME OF LATEST TRANSACTION
control field 20260227111403.0
008 - FIXED-LENGTH DATA ELEMENTS--GENERAL INFORMATION
fixed length control field 861010s1953 at b b 000 0 eng c
010 ## - LIBRARY OF CONGRESS CONTROL NUMBER
LC control number gs 56000098
035 ## - SYSTEM CONTROL NUMBER
System control number (OCoLC)14374976
040 ## - CATALOGING SOURCE
Original cataloging agency U.S. Geol. Survey Libr.
Transcribing agency KWiU
Modifying agency DLC
042 ## - AUTHENTICATION CODE
Authentication code premarc
050 00 - LIBRARY OF CONGRESS CALL NUMBER
Classification number QE340
Item number .A392 no. 14
100 1# - MAIN ENTRY--PERSONAL NAME
Personal name Wood, Francis Waverly,
Dates associated with a name 1905-
245 12 - TITLE STATEMENT
Title A provisional isogonic map of Australia and New Guinea, showing predicted values for the epoch 1955-5,
Statement of responsibility, etc. by F. W. Wood and I. B. Everingham.
260 ## - PUBLICATION, DISTRIBUTION, ETC.
Place of publication, distribution, etc. [Melbourne]
Date of publication, distribution, etc. 1953.
300 ## - PHYSICAL DESCRIPTION
Extent i, 6 p.
Other physical details fold. map.
Dimensions 25 cm.
410 10 - SERIES STATEMENT/ADDED ENTRY--CORPORATE NAME [OBSOLETE, CAN/MARC], [LOCAL, USA]
Corporate name or jurisdiction name as entry element Australia.
Subordinate unit Bureau of Mineral Resources, Geology and Geophysics.
Title of a work Report
Volume number/sequential designation no. 14
501 ## - WITH NOTE
With note With : Progress report on the stratigraphy and structure of the Carnarvon Basin, Western Australia - - Seismic reflection survey at Roma, Queensland - - Mount Philp iron deposit, Cloncurry District, Queensland - - Seismic reflection survey. Melbourne : Australia. Bureau of Mineral Resources, Geology and Geophysics, 1954-1956. Bound together subsequent to publication.
Institution to which field applies DLC
504 ## - BIBLIOGRAPHY, ETC. NOTE
Bibliography, etc. note "References": p. 6.
650 #0 - SUBJECT ADDED ENTRY--TOPICAL TERM
Topical term or geographic name entry element Magnetic measurements.
700 1# - ADDED ENTRY--PERSONAL NAME
Personal name Everingham, I. B.
Relator term joint author.
740 0# - ADDED ENTRY--UNCONTROLLED RELATED/ANALYTICAL TITLE
Uncontrolled related/analytical title Isogonic map of Australia and New Guinea.

No items available.

Powered by Koha